<?xml version='1.0' encoding='UTF-8'?>
  <record xmlns="http://www.loc.gov/MARC21/slim">
    <leader>00000cam a2200000Mi 4500</leader>
    <controlfield tag="001">ocm81259013</controlfield>
    <controlfield tag="003">OCoLC</controlfield>
    <controlfield tag="005">20240311071211.1</controlfield>
    <controlfield tag="008">030929m15721573sz c          001 0 lat d</controlfield>
    <datafield tag="040" ind1=" " ind2=" ">
      <subfield code="a">DNLM</subfield>
      <subfield code="b">eng</subfield>
      <subfield code="e">rda</subfield>
      <subfield code="e">dcrmr</subfield>
      <subfield code="c">UXG</subfield>
      <subfield code="d">OCLCG</subfield>
      <subfield code="d">OCLCQ</subfield>
      <subfield code="d">OCLCF</subfield>
      <subfield code="d">OCLCQ</subfield>
      <subfield code="d">OCLCO</subfield>
      <subfield code="d">OCLCL</subfield>
      <subfield code="d">QGJ</subfield>
    </datafield>
    <datafield tag="066" ind1=" " ind2=" ">
      <subfield code="c">(S</subfield>
    </datafield>
    <datafield tag="035" ind1=" " ind2=" ">
      <subfield code="a">(OCoLC)81259013</subfield>
    </datafield>
    <datafield tag="060" ind1="0" ind2=" ">
      <subfield code="a">WZ 240</subfield>
      <subfield code="b">E654dd 1572</subfield>
    </datafield>
    <datafield tag="100" ind1="1" ind2=" ">
      <subfield code="a">Erastus, Thomas,</subfield>
      <subfield code="d">1524-1583,</subfield>
      <subfield code="e">author.</subfield>
      <subfield code="4">aut</subfield>
      <subfield code="1">https://id.oclc.org/worldcat/entity/E39PBJqKcpKj4H69k9pq3DFMyd</subfield>
    </datafield>
    <datafield tag="245" ind1="1" ind2="0">
      <subfield code="a">Disputationum de medicina noua Philippi Paracelsi pars prima [-quarta et vltima]  ... /</subfield>
      <subfield code="c">à Thoma Erasto, medicinae in Schola Heydelbergensi professore.</subfield>
    </datafield>
    <datafield tag="246" ind1="3" ind2=" ">
      <subfield code="a">Dispvtationvm de medicina nova Philippi Paracelsi pars prima</subfield>
    </datafield>
    <datafield tag="246" ind1="3" ind2=" ">
      <subfield code="a">Disputationvm de nova Philippi Paracelsi medicina pars altera</subfield>
    </datafield>
    <datafield tag="246" ind1="3" ind2=" ">
      <subfield code="a">Disputationvm de nova Philippi Paracelsi medicina pars tertia</subfield>
    </datafield>
    <datafield tag="246" ind1="3" ind2=" ">
      <subfield code="a">Disputationvm de nova medicina Philippi Paracelsi pars qvarta et vltima</subfield>
    </datafield>
    <datafield tag="246" ind1="3" ind2=" ">
      <subfield code="a">Disputationum de nova medicina Philippi Paracelsi pars quarta et ultima</subfield>
    </datafield>
    <datafield tag="264" ind1=" " ind2="1">
      <subfield code="a">Basileae, :</subfield>
      <subfield code="b">Apud Petrum Pernam,</subfield>
      <subfield code="c">M. D. LXXII.-M. D. LXXIII. [1572-1573]</subfield>
    </datafield>
    <datafield tag="300" ind1=" " ind2=" ">
      <subfield code="a">4 parts in 2 volumes :</subfield>
      <subfield code="b">portrait ;</subfield>
      <subfield code="c">22 cm (4to)</subfield>
    </datafield>
    <datafield tag="336" ind1=" " ind2=" ">
      <subfield code="a">text</subfield>
      <subfield code="b">txt</subfield>
      <subfield code="2">rdacontent</subfield>
    </datafield>
    <datafield tag="337" ind1=" " ind2=" ">
      <subfield code="a">unmediated</subfield>
      <subfield code="b">n</subfield>
      <subfield code="2">rdamedia</subfield>
    </datafield>
    <datafield tag="338" ind1=" " ind2=" ">
      <subfield code="a">volume</subfield>
      <subfield code="b">nc</subfield>
      <subfield code="2">rdacarrier</subfield>
    </datafield>
    <datafield tag="340" ind1=" " ind2=" ">
      <subfield code="m">4to</subfield>
      <subfield code="2">rdabf</subfield>
    </datafield>
    <datafield tag="500" ind1=" " ind2=" ">
      <subfield code="a">Printer's device on title page, with slogan: Lucerna pedibus meis verbum tuum.</subfield>
    </datafield>
    <datafield tag="500" ind1=" " ind2=" ">
      <subfield code="a">Title varies: parts 2-3: Disputationum de noua Philippi Paracelsi medicina pars altera [-tertia]; part 4: Disputationum de noua medicina Philippi Paracelsi pars quarta et vltima.</subfield>
    </datafield>
    <datafield tag="500" ind1=" " ind2=" ">
      <subfield code="a">Pts. 2-3, dated "M.D. LXXII.", are without printer's name in the imprint; pt. 4 has imprint: Basileae, per Petrum Pernam. Anno M.D. LXXIII.</subfield>
    </datafield>
    <datafield tag="500" ind1=" " ind2=" ">
      <subfield code="a">Colophon pars 3: Basileae, per Petrum Pernam. M. D. LXXII.</subfield>
    </datafield>
    <datafield tag="500" ind1=" " ind2=" ">
      <subfield code="a">Initials, printed marginalia.</subfield>
    </datafield>
    <datafield tag="500" ind1=" " ind2=" ">
      <subfield code="a">Paging: part 1: [16], 267, [21] pages; part 2: [8], 284, 143, [37] pages; part 3: [8], 258, [26], 145, [11] pages; part 4: [4], 310, [30] pages.</subfield>
    </datafield>
    <datafield tag="500" ind1=" " ind2=" ">
      <subfield code="6">880-01</subfield>
      <subfield code="a">Woodcut portrait of Paracelsus on leaf N3r (part 1).</subfield>
    </datafield>
    <datafield tag="500" ind1=" " ind2=" ">
      <subfield code="a">Part 2 includes (with special title pages and separate paging): "Explicatio quaestionis famosae illius, vtrvm ex metallis ignobilibus aurum verum &amp; naturale arte conflari possit.", and "Epistola de natura, materia, ortu atque vsu lapidis sabulosi, qui in Palatinatu ad Rhenum reperitur." Part 3 includes: "De causa morborum continente tractatus."</subfield>
    </datafield>
    <datafield tag="500" ind1=" " ind2=" ">
      <subfield code="a">Includes indices.</subfield>
    </datafield>
    <datafield tag="500" ind1=" " ind2=" ">
      <subfield code="a">With contributions by Wilhelm Holzmann and Konrad Gesner.</subfield>
    </datafield>
    <datafield tag="505" ind1="1" ind2="0">
      <subfield code="g">[I.]</subfield>
      <subfield code="t">Pars prima: in qua, quae de remediis superstitiosis &amp; Magicis curationibus ille prodit, praecipuè examinantur. --</subfield>
      <subfield code="g">[II.] In qua Philosophiae Paracelsicae Principia &amp; Elementa explorantur ... Continet praesens haec disputatio, praeter solidam fundamentorum doctrinae Paracelsi Confutationem, alia plurima ad verae philpsophiae [that is, philosophiae] perceptionem vtilissima: quorum capita quaedam generalia post Praefationem ponuntur. --</subfield>
      <subfield code="g">[III.]</subfield>
      <subfield code="t">In qua dilucida et solida verae Medicinae assertio, &amp; falsae, vel Paracelsicae Confutatio continetur. ... Cui accessit Tractatio de Causa continente, eodem authore. --</subfield>
      <subfield code="g">[IV.] In qua Epilepsiae, Elephantiasis, seu Leprae, Hydropis, Podagrae, &amp; Colici doloris vera curandi ratio demonstratur, &amp; Paracelsica solidissimè confutatur.</subfield>
    </datafield>
    <datafield tag="510" ind1="4" ind2=" ">
      <subfield code="a">Verzeichnis der im deutschen Sprachbereich erschienenen Drucke des 16. Jahrhunderts (VD 16),</subfield>
      <subfield code="c">E 3679</subfield>
      <subfield code="u">https://gateway-bayern.de/VD16+E+3679</subfield>
    </datafield>
    <datafield tag="510" ind1="4" ind2=" ">
      <subfield code="3">Erastus, Thomas. Epistola de natura ... lapidis sabulosi:</subfield>
      <subfield code="a">Verzeichnis der im deutschen Sprachbereich erschienenen Drucke des 16. Jahrhunderts (VD 16),</subfield>
      <subfield code="c">E 3681</subfield>
    </datafield>
    <datafield tag="510" ind1="4" ind2=" ">
      <subfield code="3">Erastus, Thomas. Explicatio quaestionis ... utrum ex metallis ... aurum ... conflari possit:</subfield>
      <subfield code="a">Verzeichnis der im deutschen Sprachbereich erschienenen Drucke des 16. Jahrhunderts (VD 16),</subfield>
      <subfield code="c">E 3684</subfield>
    </datafield>
    <datafield tag="510" ind1="4" ind2=" ">
      <subfield code="3">Erastus, Thomas. Tractatio de causa continente:</subfield>
      <subfield code="a">Verzeichnis der im deutschen Sprachbereich erschienenen Drucke des 16. Jahrhunderts (VD 16),</subfield>
      <subfield code="c">E 3696</subfield>
    </datafield>
    <datafield tag="600" ind1="0" ind2="0">
      <subfield code="a">Paracelsus,</subfield>
      <subfield code="d">1493-1541.</subfield>
    </datafield>
    <datafield tag="650" ind1=" " ind2="0">
      <subfield code="a">Medicine</subfield>
      <subfield code="v">Early works to 1800.</subfield>
    </datafield>
    <datafield tag="650" ind1=" " ind2="0">
      <subfield code="a">Alchemy</subfield>
      <subfield code="v">Early works to 1800.</subfield>
    </datafield>
    <datafield tag="650" ind1=" " ind2="6">
      <subfield code="a">Médecine</subfield>
      <subfield code="v">Ouvrages avant 1800.</subfield>
    </datafield>
    <datafield tag="650" ind1=" " ind2="6">
      <subfield code="a">Alchimie</subfield>
      <subfield code="v">Ouvrages avant 1800.</subfield>
    </datafield>
    <datafield tag="600" ind1="0" ind2="7">
      <subfield code="a">Paracelsus,</subfield>
      <subfield code="d">1493-1541</subfield>
      <subfield code="2">fast</subfield>
    </datafield>
    <datafield tag="650" ind1=" " ind2="7">
      <subfield code="a">Alchemy</subfield>
      <subfield code="2">fast</subfield>
    </datafield>
    <datafield tag="650" ind1=" " ind2="7">
      <subfield code="a">Medicine</subfield>
      <subfield code="2">fast</subfield>
    </datafield>
    <datafield tag="655" ind1=" " ind2="7">
      <subfield code="a">Early works</subfield>
      <subfield code="2">fast</subfield>
    </datafield>
    <datafield tag="700" ind1="1" ind2="2">
      <subfield code="i">Container of (work)</subfield>
      <subfield code="a">Erastus, Thomas,</subfield>
      <subfield code="d">1524-1583.</subfield>
      <subfield code="t">Explicatio quaestionis famosae illius, vtrvm ex metallis ignobilibus aurum verum &amp; naturale arte conflari possit.</subfield>
    </datafield>
    <datafield tag="700" ind1="1" ind2="2">
      <subfield code="i">Container of (work):</subfield>
      <subfield code="a">Erastus, Thomas,</subfield>
      <subfield code="d">1524-1583.</subfield>
      <subfield code="t">Epistola de natura, materia, ortu atque vsu lapidis sabulosi, qui in Palatinatu ad Rhenum reperitur.</subfield>
    </datafield>
    <datafield tag="700" ind1="1" ind2="2">
      <subfield code="i">Container of (work):</subfield>
      <subfield code="a">Erastus, Thomas,</subfield>
      <subfield code="d">1524-1583.</subfield>
      <subfield code="t">De causa morborum continente tractatus.</subfield>
    </datafield>
    <datafield tag="700" ind1="1" ind2=" ">
      <subfield code="a">Perna, Pietro,</subfield>
      <subfield code="d">1519-approximately 1582,</subfield>
      <subfield code="e">printer.</subfield>
      <subfield code="4">prt</subfield>
    </datafield>
    <datafield tag="700" ind1="1" ind2=" ">
      <subfield code="a">Xylander, Wilhelm,</subfield>
      <subfield code="d">1532-1576,</subfield>
      <subfield code="e">contributor.</subfield>
      <subfield code="4">ctb</subfield>
    </datafield>
    <datafield tag="700" ind1="1" ind2=" ">
      <subfield code="a">Gessner, Conrad,</subfield>
      <subfield code="d">1516-1565,</subfield>
      <subfield code="e">contributor.</subfield>
      <subfield code="4">ctb</subfield>
    </datafield>
    <datafield tag="700" ind1="0" ind2=" ">
      <subfield code="a">August,</subfield>
      <subfield code="c">Elector of Saxony,</subfield>
      <subfield code="d">1526-1586,</subfield>
      <subfield code="e">dedicatee.</subfield>
      <subfield code="4">dte</subfield>
    </datafield>
    <datafield tag="700" ind1="0" ind2=" ">
      <subfield code="a">Johann Albrecht</subfield>
      <subfield code="b">I,</subfield>
      <subfield code="c">Herzog von Mecklenburg-Schwerin,</subfield>
      <subfield code="d">1525-1576,</subfield>
      <subfield code="e">dedicatee.</subfield>
      <subfield code="e">dte.</subfield>
    </datafield>
    <datafield tag="700" ind1="0" ind2=" ">
      <subfield code="a">Reinstein, Caspar Ulrich,</subfield>
      <subfield code="c">Graf von,</subfield>
      <subfield code="d">-1575,</subfield>
      <subfield code="e">dedicatee.</subfield>
      <subfield code="e">dte.</subfield>
    </datafield>
    <datafield tag="700" ind1="1" ind2=" ">
      <subfield code="a">Zebrzydowski, Andrzej,</subfield>
      <subfield code="d">active 1572,</subfield>
      <subfield code="e">dedicatee.</subfield>
      <subfield code="4">dte</subfield>
    </datafield>
    <datafield tag="700" ind1="1" ind2=" ">
      <subfield code="a">Crato von Crafftheim, Johannes,</subfield>
      <subfield code="d">1519-1585,</subfield>
      <subfield code="e">dedicatee.</subfield>
      <subfield code="4">dte</subfield>
    </datafield>
    <datafield tag="700" ind1="0" ind2=" ">
      <subfield code="a">Ludwig</subfield>
      <subfield code="b">III,</subfield>
      <subfield code="c">Duke of Württemberg,</subfield>
      <subfield code="d">1554-1593,</subfield>
      <subfield code="e">dedicatee.</subfield>
      <subfield code="4">dte</subfield>
    </datafield>
    <datafield tag="752" ind1=" " ind2=" ">
      <subfield code="a">Switzerland</subfield>
      <subfield code="d">Basel,</subfield>
      <subfield code="e">publication place.</subfield>
      <subfield code="4">pup</subfield>
    </datafield>
    <datafield tag="758" ind1=" " ind2=" ">
      <subfield code="i">has work:</subfield>
      <subfield code="a">Disputationum de medicina nova Philippi Paracelsi pars prima [-quarta] (Text)</subfield>
      <subfield code="1">https://id.oclc.org/worldcat/entity/E39PCGMrMx6jWyd9B3dCVKgf4m</subfield>
      <subfield code="4">https://id.oclc.org/worldcat/ontology/hasWork</subfield>
    </datafield>
    <datafield tag="880" ind1=" " ind2=" ">
      <subfield code="6">500-01/(S</subfield>
      <subfield code="a">Signatures: part 1: α-β⁴ a-z⁴ A-N⁴; part 2: ):(⁴ aa-aa⁴ AA-MM⁴ Nnn² Aaa-Ppp⁴ Qqq² Rrr-Zzz²; part 3: ):(⁴ aaa-zzz⁴ AAA-MMM⁴ Aaa-Ttt⁴; part 4: [fleuron]²  a-z⁴ A-V⁴.</subfield>
    </datafield>
  </record>